Modified Dust Collector (Record no. 85908)
[ view plain ]
| 000 -LEADER | |
|---|---|
| fixed length control field | 03612nam a22003017a 4500 |
| 003 - CONTROL NUMBER IDENTIFIER | |
| control field | URS |
| 005 - DATE AND TIME OF LATEST TRANSACTION | |
| control field | 20251023134609.0 |
| 008 - FIXED-LENGTH DATA ELEMENTS--GENERAL INFORMATION | |
| fixed length control field | 250904b ||||| |||| 00| 0 eng d |
| 040 ## - CATALOGING SOURCE | |
| Transcribing agency | URS |
| 043 ## - GEOGRAPHIC AREA CODE | |
| Geographic area code | URS |
| 245 ## - TITLE STATEMENT | |
| Title | Modified Dust Collector |
| Remainder of title | / Diaz, Nick Jan V.... [et al.]. |
| 260 ## - PUBLICATION, DISTRIBUTION, ETC. | |
| Date of publication, distribution, etc. | May 2024 |
| 300 ## - PHYSICAL DESCRIPTION | |
| Extent | 100 leaves : |
| Other physical details | illustrations ; |
| Dimensions | 28 cm. |
| 336 ## - CONTENT TYPE | |
| Source | rdacontent |
| Content type term | text |
| 337 ## - MEDIA TYPE | |
| Source | rdamedia |
| Media type term | unmediated |
| 338 ## - CARRIER TYPE | |
| Source | rdacarrier |
| Carrier type term | volume |
| 502 ## - DISSERTATION NOTE | |
| Dissertation note | Thesis |
| Degree type | Bachelor of Technology Major in Civil Technology |
| Name of granting institution | University of Rizal System-Morong |
| Year degree granted | 2024 |
| 520 ## - SUMMARY, ETC. | |
| Summary, etc. | EXECUTIVE SUMMARY: This research study aimed to develop a Modified Dust Collector. This study sought to design and construct a Modified Dust Collector out of locally available materials, performed try-out and revisions, evaluated the level of performance in terms of design, functionality, usefulness, safety, and maintenance, level of acceptability of the developed Modified Dust Collector and existing Improvised Portable Dust Collector in terms of design, functionality, usefulness, safety and maintenance, and determined the significant difference on the level of acceptability of developed Modified Dust Collector and existing Improvised Portable Dust Collector in terms of abovementioned variables. This was conducted at the University of Rizal System Morong Campus by the students of Bachelor of Technology major in Civil Technology during A.Y. 2023-2024. There were thirty (30) respondents consisting of four (4) Civil Technology professors, two (2) Drafting Technology professors, two (2) Electrical Technology professors, two (2) Mechanical Technology professors, fifteen (15) Civil Technology students, and five (5) end-users selected through purposive sampling. The researchers used developmental and descriptive methods of research on the development of the Modified Dust Collector and to determine the level of performance and level of acceptability. The researchers used a researcher-made questionnaire-checklist as the instrument to determine the level of acceptability of the project. In terms of design and construction of the Modified Dust Collector, the materials needed can be acquired in local hardware and machine shops. Through try-out and revision, it was tested for operation where different operational defects were observed during the testing period, the Modified Dust Collector reached functional output and attained objectives. The evaluation of the level of performance of the Modified Dust Collector in terms of suction capacity overtime, in trial one is very capable, then trial two and three both are capable on its verbal interpretation. Then, on to the evaluation of the Modified Dust Collector and Existing Improvised Portable Dust Collector both, were outstanding, extremely acceptable, extremely functional, extremely useful, extremely safe, and extremely maintainable. This study concludes that there is no significant difference between the evaluation made by the experts and end-users on the acceptability of the modified dust collector and the existing improvised portable dust collector. |
| 700 ## - ADDED ENTRY--PERSONAL NAME | |
| Personal name | Diaz, Nick Jan V. |
| Relator term | author |
| 700 ## - ADDED ENTRY--PERSONAL NAME | |
| Personal name | AƱonuevo, Joyce B. |
| Relator term | author |
| 700 ## - ADDED ENTRY--PERSONAL NAME | |
| Personal name | Desalisa, Gerald B. |
| Relator term | author |
| 700 ## - ADDED ENTRY--PERSONAL NAME | |
| Personal name | Laggui, John Mark A. |
| Relator term | author |
| 700 ## - ADDED ENTRY--PERSONAL NAME | |
| Personal name | Sambajon, Shane R. |
| Relator term | author |
| 700 ## - ADDED ENTRY--PERSONAL NAME | |
| Personal name | Pegos, Antonio E. |
| Relator term | degree supervisor |
| 856 ## - ELECTRONIC LOCATION AND ACCESS | |
| Materials specified | Online Request for Student Unpublished Works |
| Uniform Resource Identifier | <a href="https://forms.gle/7LqvGGkaDrUQqz429">https://forms.gle/7LqvGGkaDrUQqz429</a> |
| 856 ## - ELECTRONIC LOCATION AND ACCESS | |
| Uniform Resource Identifier | <a href="https://drive.google.com/file/d/1FRp8rJQv9d8jNsdKHzict7aMq_B5sxxe/view?usp=drive_link">https://drive.google.com/file/d/1FRp8rJQv9d8jNsdKHzict7aMq_B5sxxe/view?usp=drive_link</a> |
| 942 ## - ADDED ENTRY ELEMENTS (KOHA) | |
| Source of classification or shelving scheme | Library of Congress Classification |
| Koha item type | Theses and dissertations |
| Withdrawn status | Source of classification or shelving scheme | Damaged status | Not for loan | Collection code | Home library | Current library | Date acquired | Total Checkouts | Barcode | Date last seen | Price effective from | Koha item type |
|---|---|---|---|---|---|---|---|---|---|---|---|---|
| Library of Congress Classification | Reference | Morong College Library | Morong College Library | 09/04/2025 | URSMOR-CL-6846 | 09/04/2025 | 09/04/2025 | Theses and dissertations |